|
|
|
|
| LEADER |
01286nam a2200349 i 4500 |
| 001 |
001847918 |
| 003 |
CZ BrMZK |
| 005 |
20230413065051.0 |
| 007 |
ta |
| 008 |
230206s1995 xr a e 000 0 cze |
| 040 |
|
|
|a BOA001
|b cze
|e rda
|
| 072 |
|
7 |
|a 72/76
|x Výtvarné umění
|2 Konspekt
|9 21
|
| 080 |
|
|
|a 72/76
|2 MRF
|
| 080 |
|
|
|a (0:82-4)
|2 MRF
|
| 100 |
1 |
|
|a Moucha, Miloslav,
|d 1942-
|7 jn20000728438
|4 aut
|
| 245 |
1 |
0 |
|a Příležitostné zapisování z onoho světa a nejen odtamtud vydané k výstavě Miloslava Mouchy :
|b Mánes, březen - duben 1995
|
| 246 |
1 |
4 |
|a Příležitostné zapisování z onoho světa a nejen odtamtud
|
| 264 |
|
1 |
|a [Praha] :
|b Galerie Bayer & Bayer,
|c 1995
|
| 300 |
|
|
|a 24 nečíslovaných stran :
|b ilustrace ;
|c 25 cm
|
| 336 |
|
|
|a text
|b txt
|2 rdacontent
|
| 337 |
|
|
|a bez média
|b n
|2 rdamedia
|
| 338 |
|
|
|a svazek
|b nc
|2 rdacarrier
|
| 500 |
|
|
|a V papírovém přebalu
|
| 650 |
0 |
7 |
|a umění
|7 ph116538
|2 czenas
|
| 650 |
0 |
9 |
|a art
|2 eczenas
|
| 655 |
|
7 |
|a úvahy
|7 fd134000
|2 czenas
|
| 655 |
|
9 |
|a essays
|2 eczenas
|
| 710 |
2 |
|
|a Výstavní síň Mánes (Praha, Česko)
|7 kn20030919001
|4 orm
|
| 910 |
|
|
|a BOA001
|b 2-1390.090
|
| 990 |
|
|
|a BK
|
| 991 |
|
|
|b 202304
|
| 996 |
6 |
|
|b 2610931180
|c 2-1390.090
|l MZK
|r Sklad / do 1 hodiny
|n 0
|p dar
|w 001915671
|u 000010
|a 1
|e BOA001
|j MZK50
|s P
|